|
|
|
|
| LEADER |
00929nam a2200241 a 4500 |
| 001 |
33963 |
| 003 |
BD-DhAAL |
| 005 |
20190623150837.0 |
| 008 |
181107t2018 bg ||| |||| 000 0 ben d |
| 999 |
|
|
|c 40235
|d 40235
|
| 020 |
|
|
|a 9879849011781
|
| 082 |
|
|
|a 891.441
|
| 100 |
|
|
|a শাপলা, হোসনেয়ারা
|9 28762
|
| 245 |
|
|
|a চলে গেলে তুমি /
|c হোসনেয়ারা শাপলা
|
| 246 |
|
|
|a Chole Gele Tumi /
|
| 260 |
|
|
|a ঢাকা :
|b জ্ঞান বিতরণী,
|c ২০১৮
|
| 300 |
|
|
|a ৬৪ পৃ. ;
|c ২১ সে.মি.
|
| 526 |
|
|
|a AAL
|
| 541 |
|
|
|a Boibazar.com
|e 33963
|
| 650 |
|
|
|a Bengali poetry
|9 28763
|
| 852 |
|
|
|a Ayesha Abed Library
|c Bangabandhu Corner
|
| 942 |
|
|
|2 ddc
|c BK
|
| 952 |
|
|
|0 0
|1 0
|2 ddc
|4 0
|6 891_441000000000000_SHA
|7 0
|9 64614
|a BRACUL
|b BRACUL
|c BNC
|d 2018-11-01
|e 68
|g 85.00
|l 0
|o 891.441 SHA
|p 3010033963
|r 2018-11-01
|t 1
|v 85.00
|w 2018-11-01
|y BK
|